| 000 | 00389nam a2200145Ia 4500 | ||
|---|---|---|---|
| 008 | 240729s9999 xx 000 0 und d | ||
| 022 | _a2327-0764 | ||
| 245 | 0 | _aJournal of Mason Graduate Research | |
| 260 | _aUnited States | ||
| 260 | _bMason Journals | ||
| 650 | _aGeneral Works | ||
| 856 | _uhttps://doaj.org/toc/b25198c11e0548008053af940442041a | ||
| 942 | _2ddc | ||
| 942 | _cDOAJEJ | ||
| 999 |
_c68741 _d68741 |
||
| 945 |
_a1 _bMadushi Gamage _c1 _dMadushi Gamage |
||